[Event "Hannibal Online op U14"]
[Site "Chess.com INT"]
[Date "2020.06.02"]
[Round "2"]
[White "Chilukuri, Sai Varshith"]
[Black "Korniychuk, Igor"]
[Result "1-0"]
[WhiteElo "1943"]
[BlackElo "1426"]
[PlyCount "99"]
[EventDate "2020.06.01"]
[EventType "swiss"]
[EventRounds "9"]
[EventCountry "MDA"]
[SourceTitle "CBM 196 Extra"]
[Source "ChessBase"]
[SourceDate "2020.07.31"]
[SourceVersion "1"]
[SourceVersionDate "2020.07.31"]
[SourceQuality "1"]

1. Nf3 Nf6 2. g3 g6 3. Bg2 Bg7 4. 0-0 0-0 5. c4 d6 6. d4 Nbd7 7. Nc3 c5 8. d5 Nb6 9. Qd3 e5 10. e4 Bd7 11. h3 Qc8 12. Kh2 h6 13. Be3 Kh7 14. b3 Rh8 15. Nd2 Kg8 16. a3 h5 17. Bg5 Nh7 18. Be3 Nf6 19. b4 h4 20. g4 cxb4 21. axb4 Bxg4 22. hxg4 Nxg4+ 23. Kh1 h3 24. Bf3 h2 25. Bxb6 axb6 26. Bxg4 Qd8 27. Nb5 Rxa1 28. Rxa1 Qh4 29. Qf3 Bf8 30. Ra8 Kg7 31. Rc8 Qg5 32. Nf1 Qc1 33. Bh3 Rh4 34. Nc3 Rf4 35. Qe3 Qc2 36. f3 Rh4 37. Bd7 Be7 38. Qd2 Qb3 39. Ba4 Qa3 40. Bd1 Qxb4 41. Nb5 Qb1 42. Re8 Bg5 43. Qxg5 Qxd1 44. Qxh4 Qxf1+ 45. Kxh2 Qe2+ 46. Kg1 Qe3+ 47. Kg2 Qd2+ 48. Kh3 g5 49. Qh8+ Kg6 50. Rg8# 1-0

[Event "FISCA Online U14 op"]
[Site "Chess.com INT"]
[Date "2020.05.11"]
[Round "3"]
[White "Korniychuk, Igor"]
[Black "Gatej, Maria"]
[Result "1-0"]
[WhiteElo "1426"]
[BlackElo "1172"]
[PlyCount "151"]
[EventDate "2020.05.09"]
[EventType "swiss"]
[EventRounds "9"]
[EventCountry "ROU"]
[SourceTitle "EXT 2021"]
[Source "ChessBase"]
[SourceDate "2020.10.23"]
[SourceVersion "1"]
[SourceVersionDate "2020.10.23"]
[SourceQuality "1"]

1. d4 Nf6 2. Nf3 c5 3. e3 cxd4 4. exd4 g6 5. Bd3 Bg7 6. 0-0 0-0 7. b3 d6 8. Bb2 Bg4 9. Nbd2 Nc6 10. Be2 Rc8 11. c4 d5 12. Ne5 Bxe2 13. Qxe2 dxc4 14. Nxc6 Rxc6 15. Nxc4 e6 16. Ne5 Rc8 17. Rfd1 a6 18. Rac1 Qe7 19. Nc4 Rfd8 20. Ba3 Qe8 21. Nd6 Rxd6 22. Bxd6 Rd8 23. Be5 Nd5 24. Bxg7 Kxg7 25. Qe5+ Kg8 26. Qe2 Qe7 27. Qc4 Qg5 28. Qd3 h5 29. Qg3 Qf6 30. Qe5 Qh4 31. Qg3 Qf6 32. h3 Qe7 33. Rc4 Qa3 34. Ra4 Qe7 35. Rc4 Qa3 36. Qg5 Re8 37. Qd2 Rd8 38. Rdc1 Qf8 39. g3 Kh7 40. Qg5 Re8 41. g4 hxg4 42. hxg4 Kg7 43. Kg2 Qa3 44. Ra4 Qb2 45. Rh1 Qe2 46. Qe5+ Qxe5 47. dxe5 Nc3 48. Ra5 Rd8 49. a3 Rd3 50. Rh3 Rxh3 51. Kxh3 Nb5 52. Ra4 g5 53. Rb4 Nxa3 54. Rxb7 Nb5 55. Rb6 Nc7 56. Rc6 Nb5 57. Rxa6 Kf8 58. Rb6 Nc3 59. b4 Nd5 60. Rb8+ Ke7 61. Rb7+ Ke8 62. b5 Nf4+ 63. Kg3 Ne2+ 64. Kf3 Nf4 65. b6 Nd5 66. Ke4 Ne7 67. Rxe7+ Kxe7 68. b7 Kd7 69. b8Q Ke7 70. Qd6+ Ke8 71. Qc7 Kf8 72. f4 gxf4 73. Kxf4 Kg7 74. Kg5 Kg8 75. Kh6 Kh8 76. Qd8# 1-0

[Event "FISCA Online U14 op"]
[Site "Chess.com INT"]
[Date "2020.05.09"]
[Round "1"]
[White "Korniychuk, Igor"]
[Black "Stanciu, Rares Stefan"]
[Result "1-0"]
[WhiteElo "1426"]
[BlackElo "1104"]
[PlyCount "63"]
[EventDate "2020.05.09"]
[EventType "swiss"]
[EventRounds "9"]
[EventCountry "ROU"]
[SourceTitle "EXT 2021"]
[Source "ChessBase"]
[SourceDate "2020.10.23"]
[SourceVersion "1"]
[SourceVersionDate "2020.10.23"]
[SourceQuality "1"]

1. d4 d5 2. Nf3 Nc6 3. e3 Nf6 4. Bd3 Bg4 5. 0-0 e6 6. Nbd2 Bb4 7. Be2 Bxd2 8. Bxd2 0-0 9. Ne5 Nxe5 10. dxe5 Nd7 11. Bxg4 Nxe5 12. f4 Nxg4 13. Qxg4 Qe8 14. Bc3 f6 15. Rf3 Rf7 16. Rh3 Kf8 17. Rxh7 Ke7 18. Rxg7 Qf8 19. Bb4+ Ke8 20. Bxf8 Kxf8 21. Rxf7+ Kxf7 22. Qh5+ Kf8 23. Qh8+ Kf7 24. Qxa8 Ke7 25. Qxb7 Kd8 26. Qb8+ Kd7 27. Rd1 Kd6 28. e4 f5 29. e5+ Kd7 30. Rd3 Kc6 31. Rc3+ Kd7 32. Rxc7# 1-0